<?xml version='1.0' encoding='UTF-8'?><?xml-stylesheet href='static/style.xsl' type='text/xsl'?><OAI-PMH xmlns="http://www.openarchives.org/OAI/2.0/" xmlns:xsi="http://www.w3.org/2001/XMLSchema-instance" xsi:schemaLocation="http://www.openarchives.org/OAI/2.0/ http://www.openarchives.org/OAI/2.0/OAI-PMH.xsd"><responseDate>2026-04-30T18:12:04Z</responseDate><request verb="GetRecord" identifier="oai:ebiltegia.mondragon.edu:20.500.11984/4475" metadataPrefix="marc">https://ebiltegia.mondragon.edu/oai/request</request><GetRecord><record><header><identifier>oai:ebiltegia.mondragon.edu:20.500.11984/4475</identifier><datestamp>2024-01-04T21:56:57Z</datestamp><setSpec>com_20.500.11984_1736</setSpec><setSpec>com_20.500.11984_1627</setSpec><setSpec>col_20.500.11984_1972</setSpec></header><metadata><record xmlns="http://www.loc.gov/MARC21/slim" xmlns:dcterms="http://purl.org/dc/terms/" xmlns:xsi="http://www.w3.org/2001/XMLSchema-instance" xmlns:doc="http://www.lyncode.com/xoai" xsi:schemaLocation="http://www.loc.gov/MARC21/slim http://www.loc.gov/standards/marcxml/schema/MARC21slim.xsd">
   <leader>00925njm 22002777a 4500</leader>
   <datafield ind2=" " ind1=" " tag="042">
      <subfield code="a">dc</subfield>
   </datafield>
   <datafield ind2=" " ind1=" " tag="720">
      <subfield code="a">Mondragon Unibertsitatea</subfield>
      <subfield code="e">author</subfield>
   </datafield>
   <datafield ind2=" " ind1=" " tag="260">
      <subfield code="c">2015-12-09</subfield>
   </datafield>
   <datafield ind2=" " ind1=" " tag="520">
      <subfield code="a">Ikus-entzunezko Komunikazioa graduko lehen mailako ikasle talde batek irabazi du Topaguneak eta Durangoko Azokako Irudieneak antolatutako Kameratoia 2015 bideo lehiaketaren lehenengo saria. Unai Portilla, Haizea Azpilikueta, Egoitz Diaz, Leire Zarate, Ane Zuazubiskar, Asier Ugarte eta Eneko Zuberogoitia ikasleek 1.200 euroko saria eskuratu dute "Jorrai" izeneko bideoarekin.</subfield>
   </datafield>
   <datafield ind2=" " ind1=" " tag="520">
      <subfield code="a">Estudiantes del primer curso del grado de Audiovisuales de MONDRAGON UNIBERTSITATEA han resultado ganadores en el concurso de vídeos Kameratoia 2015, organizado por Topagunea y Irudienea, el espacio de audiovisuales de la Durangoko Azoka. Los estudiantes Unai Portilla, Haizea Azpilikueta, Egoitz Diaz, Leire Zarate, Ane Zuazubiskar, Asier Ugarte y Eneko Zuberogoitia han ganado el primer premio dotado con 1.200 euros gracias al trabajo "Jorrai".</subfield>
   </datafield>
   <datafield ind1="8" ind2=" " tag="024">
      <subfield code="a">https://www.flickr.com/photos/huhezi/albums/72157662062500461</subfield>
   </datafield>
   <datafield ind1="8" ind2=" " tag="024">
      <subfield code="a">https://www.youtube.com/embed/N2g6mlxx_OY</subfield>
   </datafield>
   <datafield ind1="8" ind2=" " tag="024">
      <subfield code="a">https://hdl.handle.net/20.500.11984/4475</subfield>
   </datafield>
   <datafield tag="653" ind2=" " ind1=" ">
      <subfield code="a">Humanitate eta Hezkuntza Zientzien Fakultatea</subfield>
   </datafield>
   <datafield ind2="0" ind1="0" tag="245">
      <subfield code="a">Ikus-entzunezko Komunikazioa graduko ikasle talde batek irabazi du Kameratoia 2015 bideo lehiaketa</subfield>
   </datafield>
   <datafield ind2="0" ind1="0" tag="245">
      <subfield code="a">Estudiantes del primer curso del grado de Audiovisuales ganan el concurso de vídeos Kameratoia 2015</subfield>
   </datafield>
</record></metadata></record></GetRecord></OAI-PMH>